000 00351nam a2200145 i 4500
001 bg
100 1 _aCHOŁAJ, Henryk
245 0 _aSocjalizm a kwestia rolna /
_cHenryk Chołaj.
260 _aWarszawa,
_c1982.
040 _cBPK
041 _apol
080 _a332.02:338.43(1-11):330.85
942 _cKS
008 s pl f |000 0 pol
999 _c20736
_d20736
856 _uhttp://koha.tu.koszalin.pl/cgi-bin/koha/opac-detail.pl?biblionumber=20736
_yKatalog online BPK